| 000 | 01505cad a2200301 4500 | ||
|---|---|---|---|
| 001 | L158418 | ||
| 008 | 100215n2013 000 0 eng u | ||
| 020 | _a9781783210305 | ||
| 035 | _a(Sirsi) u158418 | ||
| 041 | _aeng | ||
| 100 | 1 | _aWest, Roger | |
| 111 | 2 |
_aConstruction and Building Research Conference _cIIT Delhi, New Delhi _d10-12 September 2013 |
|
| 245 | 0 | 0 |
_aAdvancing The Facilities Management Process Through The Implementation Of BIM _h[electronic resource] |
| 260 |
_aLondon _bRICS _c2013 |
||
| 490 | 0 |
_aCOBRA _v2013 |
|
| 520 | _aA paper presented at the COBRA Conference in New Delhi on 10-12 September 2013. Looks at Building Information Modeling as a unique Facilities Management approach which can reduce lifecycle costs. The data collation methodology included the use of a questionnaire survey that was designed and distributed in collaboration with the Irish Property and Facility Management Association. The outcomes of this questionnaire were compared with two international industry reports , as well as, how the UK BIM Strategy can be adopted in Ireland to advance the Irish AEC / FM sector. | ||
| 650 | 2 | 4 | _aPUBLIC SECTOR |
| 650 | 2 | 4 | _aBUILT ENVIRONMENT |
| 650 | 2 | 4 | _aLIFE CYCLE |
| 650 | 2 | 4 | _aCONSTRUCTION AND BUILDING RESEARCH CONFERENCE (COBRA) |
| 651 | 4 |
_aIreland (Republic of) _y |
|
| 690 |
_aBIM _96219 |
||
| 690 |
_aFacilities management _96240 |
||
| 700 | 1 | _aMcAuley, Barry | |
| 700 | 1 | _aHore, Alan | |
| 710 | 1 |
_aUniversity of Ulster _93068 |
|
| 942 | _n0 | ||
| 999 |
_c115297 _d115297 |
||